000 00719nam a2200241 i 4500
001 bg
100 1 _aTHOMAS, Keir
245 1 0 _aSuse Linux :
_bzaczynamy od podstaw /
_cKeir Thomas ; przekł. z ang. Maciej Baranowski.
260 _aWarszawa :
_b"Mikom",
_c2005.
300 _a556 s. :
_bil. ;
_c24 cm +
_eCD ROM.
504 _aIndeks.
650 9 _aLinux
655 _aPodręczniki
700 1 _aBARANOWSKI, Keir.
_eTł.
020 _a8372795029
040 _cBPK
041 1 _apol
_heng
080 _a004.451(07)
920 _a83-7279-502-9
942 _cKS
008 s pl f |000 0 pol
999 _c51219
_d51219
856 _uhttp://koha.tu.koszalin.pl/cgi-bin/koha/opac-detail.pl?biblionumber=51219
_yKatalog online BPK